'Of The' Movies - Statistics

General Stats
  • This quiz has been taken 21 times
  • The average score is 11 of 36
Answer Stats
Picture Answer % Correct
George Of The Jungle
72%
Harry Potter And The Order Of The Phoenix
72%
Star Wars: Attack Of The Clones
72%
The Lord Of The Rings: The Return Of The King
67%
Guardians Of The Galaxy
61%
Indiana Jones And The Kingdom Of The Crystal Skull
56%
Fantastic 4: Rise Of The Silver Surfer
50%
Clash Of The Titans
44%
Terminator 3: Rise Of The Machines
44%
War Of The Worlds
44%
Legends Of The Fall
39%
Pirates Of The Caribbean: Dead Man's Chest
39%
The Chronicles Of Narnia: The Voyage Of The Dawn Treader
39%
Wallace & Gromit: The Curse Of The Were-Rabbit
39%
Killers Of The Flower Moon
33%
The Hobbit: The Battle Of The Five Armies
33%
Shang-Chi And The Legend Of The Ten Rings
28%
Shazam! Fury Of The Gods
28%
Rise Of The Guardians
22%
Transformers: Revenge Of The Fallen
22%
Godzilla: King Of The Monsters
17%
Ice Age: Dawn Of The Dinosaurs
17%
In The Heart Of The Sea
17%
Journey To The Center Of The Earth
17%
Kingdom Of The Planet Of The Apes
17%
Teenage Mutant Ninja Turtles: Out Of The Shadows
17%
Army Of The Dead
11%
Chicken Run: Dawn Of The Nugget
11%
Land Of The Lost
11%
Night At The Museum: Secret Of The Tomb
11%
The Call Of The Wild
11%
Employee Of The Month
6%
King Arthur: Legend Of The Sword
6%
Knights Of The Zodiac
6%
Sinbad: Legend Of The Seven Seas
6%
The Mummy: Tomb Of The Dragon Emperor
6%
No matching quizzes found
Score Distribution
Percent of People with Each Score
Percentile by Number Answered
Your Score History
You have not taken this quiz